<?xml version="1.0" encoding="UTF-8"?>
<collection xmlns="http://www.loc.gov/MARC21/slim">
 <record>
  <leader>02087cam a2200481   4500</leader>
  <controlfield tag="001">1083471686</controlfield>
  <controlfield tag="003">DE-627</controlfield>
  <controlfield tag="005">20230621174315.0</controlfield>
  <controlfield tag="007">tu</controlfield>
  <controlfield tag="008">871211s1985    xx |||||      00| ||ita c</controlfield>
  <datafield tag="035" ind1=" " ind2=" ">
   <subfield code="a">(DE-627)1083471686</subfield>
  </datafield>
  <datafield tag="035" ind1=" " ind2=" ">
   <subfield code="a">(DE-576)013471686</subfield>
  </datafield>
  <datafield tag="035" ind1=" " ind2=" ">
   <subfield code="a">(DE-599)BSZ013471686</subfield>
  </datafield>
  <datafield tag="035" ind1=" " ind2=" ">
   <subfield code="a">(OCoLC)16892971</subfield>
  </datafield>
  <datafield tag="035" ind1=" " ind2=" ">
   <subfield code="a">(OCoLC)28256246</subfield>
  </datafield>
  <datafield tag="035" ind1=" " ind2=" ">
   <subfield code="a">(OCoLC)185305598</subfield>
  </datafield>
  <datafield tag="040" ind1=" " ind2=" ">
   <subfield code="a">DE-627</subfield>
   <subfield code="b">ger</subfield>
   <subfield code="c">DE-627</subfield>
   <subfield code="e">rakwb</subfield>
  </datafield>
  <datafield tag="041" ind1=" " ind2=" ">
   <subfield code="a">ita</subfield>
  </datafield>
  <datafield tag="084" ind1=" " ind2=" ">
   <subfield code="a">1</subfield>
   <subfield code="2">ssgn</subfield>
  </datafield>
  <datafield tag="245" ind1="1" ind2="0">
   <subfield code="a">Ricerche e studi sul &quot;Breviarium ecclesiae Ravennatis&quot; (Codice Bavaro)</subfield>
   <subfield code="c">di A. Vasina ...</subfield>
  </datafield>
  <datafield tag="264" ind1=" " ind2="1">
   <subfield code="a">Roma</subfield>
   <subfield code="b">Istituto Storico Italiano per il Medio Evo</subfield>
   <subfield code="c">1985</subfield>
  </datafield>
  <datafield tag="300" ind1=" " ind2=" ">
   <subfield code="a">191 S.</subfield>
  </datafield>
  <datafield tag="336" ind1=" " ind2=" ">
   <subfield code="a">Text</subfield>
   <subfield code="b">txt</subfield>
   <subfield code="2">rdacontent</subfield>
  </datafield>
  <datafield tag="337" ind1=" " ind2=" ">
   <subfield code="a">ohne Hilfsmittel zu benutzen</subfield>
   <subfield code="b">n</subfield>
   <subfield code="2">rdamedia</subfield>
  </datafield>
  <datafield tag="338" ind1=" " ind2=" ">
   <subfield code="a">Band</subfield>
   <subfield code="b">nc</subfield>
   <subfield code="2">rdacarrier</subfield>
  </datafield>
  <datafield tag="490" ind1="1" ind2=" ">
   <subfield code="a">Studi storici</subfield>
   <subfield code="v">148/149</subfield>
  </datafield>
  <datafield tag="583" ind1="1" ind2=" ">
   <subfield code="a">Archivierung/Langzeitarchivierung gewährleistet</subfield>
   <subfield code="f">SSG</subfield>
   <subfield code="2">pdager</subfield>
   <subfield code="5">DE-21</subfield>
  </datafield>
  <datafield tag="648" ind1=" " ind2="7">
   <subfield code="a">Kirchengeschichte</subfield>
   <subfield code="2">gnd</subfield>
  </datafield>
  <datafield tag="650" ind1="0" ind2="7">
   <subfield code="0">(DE-588)4114199-4</subfield>
   <subfield code="0">(DE-627)105823945</subfield>
   <subfield code="0">(DE-576)209482648</subfield>
   <subfield code="a">Kirchengeschichte</subfield>
   <subfield code="g">Fach</subfield>
   <subfield code="2">gnd</subfield>
  </datafield>
  <datafield tag="651" ind1=" " ind2="7">
   <subfield code="0">(DE-588)4048629-1</subfield>
   <subfield code="0">(DE-627)106190024</subfield>
   <subfield code="0">(DE-576)209078685</subfield>
   <subfield code="a">Ravenna</subfield>
   <subfield code="2">gnd</subfield>
  </datafield>
  <datafield tag="689" ind1="0" ind2="0">
   <subfield code="d">u</subfield>
   <subfield code="0">(DE-588)4240095-8</subfield>
   <subfield code="0">(DE-627)104867027</subfield>
   <subfield code="0">(DE-576)21042687X</subfield>
   <subfield code="a">Breviarium ecclesiae Ravennatis</subfield>
   <subfield code="2">gnd</subfield>
  </datafield>
  <datafield tag="689" ind1="0" ind2=" ">
   <subfield code="5">(DE-627)</subfield>
  </datafield>
  <datafield tag="700" ind1="1" ind2=" ">
   <subfield code="a">Vasina, Augusto</subfield>
   <subfield code="d">1929-2016</subfield>
   <subfield code="e">Mitarb.</subfield>
   <subfield code="0">(DE-588)132358212</subfield>
   <subfield code="0">(DE-627)52190336X</subfield>
   <subfield code="0">(DE-576)163398496</subfield>
   <subfield code="4">oth</subfield>
  </datafield>
  <datafield tag="787" ind1="0" ind2="8">
   <subfield code="i">Rezensiert in</subfield>
   <subfield code="a">Durliat, Jean, 1943 - </subfield>
   <subfield code="t">[Rezension von: Giuseppe Rabotti (Hrsg.), Breviarium ecclesiae Ravennatis (Codice bavaro) secoli VII-X - Augusto Vasina (Hrsg.), Ricerche e studi sul &quot;Breviarium ecclesiae Ravennatis&quot; (Codice bavaro)]</subfield>
   <subfield code="d">Sigmaringen : Jan Thorbecke Verlag, 1988</subfield>
   <subfield code="w">(DE-627)1684954231</subfield>
  </datafield>
  <datafield tag="830" ind1=" " ind2="0">
   <subfield code="a">Studi storici</subfield>
   <subfield code="v">148/149</subfield>
   <subfield code="9">148/149</subfield>
   <subfield code="w">(DE-627)167319647</subfield>
   <subfield code="w">(DE-576)001828959</subfield>
   <subfield code="w">(DE-600)446991-4</subfield>
   <subfield code="x">0391-8475</subfield>
   <subfield code="7">ns</subfield>
  </datafield>
  <datafield tag="889" ind1=" " ind2=" ">
   <subfield code="w">(DE-627)013296523</subfield>
  </datafield>
  <datafield tag="889" ind1=" " ind2=" ">
   <subfield code="w">(DE-627)040288595</subfield>
  </datafield>
  <datafield tag="935" ind1=" " ind2=" ">
   <subfield code="a">mteo</subfield>
  </datafield>
  <datafield tag="935" ind1=" " ind2=" ">
   <subfield code="i">mdedup</subfield>
  </datafield>
  <datafield tag="951" ind1=" " ind2=" ">
   <subfield code="a">BO</subfield>
  </datafield>
  <datafield tag="990" ind1=" " ind2=" ">
   <subfield code="a">Breviarium ecclesiae Ravennatis</subfield>
  </datafield>
  <datafield tag="991" ind1=" " ind2=" ">
   <subfield code="a">Rezensiertes Werk</subfield>
  </datafield>
  <datafield tag="999" ind1=" " ind2=" ">
   <subfield code="a">KXP-PPN1083471686</subfield>
   <subfield code="e">4487517265</subfield>
  </datafield>
 </record>
</collection>
